| 000 | 00886nam a2200229Ia 4500 | ||
|---|---|---|---|
| 999 |
_c55989 _d55989 |
||
| 001 | 23088 | ||
| 003 | GE_BSU | ||
| 005 | 20230707122908.0 | ||
| 008 | 181216s1970||||ge |||||||||||||| ||geo|| | ||
| 040 | _cGE_BSU | ||
| 041 | _ageo | ||
| 080 | _a821.14'01-31ლ-83 | ||
| 100 |
_aლონგე _919195 |
||
| 245 |
_aდაფნისი და ქლოა : _bბუკოლიკური რომანი / _cლონგე ; ფრანგ. თარგმნა ირ. ქავჟარაძემ. |
||
| 264 |
_aთბილისი : _bნაკადული, _c1970. |
||
| 300 |
_a98 გვ. ; _c16 სმ. |
||
| 541 | _h0,44 თ. | ||
| 653 | _aდაფნისი და ქლოა | ||
| 653 | _aბუკოლიკური რომანი | ||
| 700 |
_aქავჟარაძე, ირ. _eმთარგმნელი _919196 |
||
| 942 |
_cBK _2udc |
||